| 000 | 02273 a2200481 4500 | ||
|---|---|---|---|
| 001 | 73137 | ||
| 999 |
_c73137 _d21384 |
||
| 003 | TR-AnTOB | ||
| 005 | 20190408214954.0 | ||
| 008 | 081226s2007 nyub b 001 0 eng | ||
| 010 | _a2007023003 | ||
| 020 | _a9780814797099 (cloth : alk. paper) | ||
| 020 | _a0814797091 (cloth : alk. paper) | ||
| 035 | _a(OCoLC)ocn138342146 | ||
| 035 | _a(OCoLC)138342146 | ||
| 040 |
_aDLC _cDLC _dDLC |
||
| 041 | _aeng | ||
| 043 | _ae-urr-- | ||
| 050 |
_aDK509 _b.Z87 2007 |
||
| 090 | _aDK509 .Z87 2007 | ||
| 100 |
_aZürcher, Christoph _950615 |
||
| 245 | 4 |
_aThe post-Soviet wars : _brebellion, ethnic conflict, and nationhood in the Caucasus / _cChristoph Zürcher. |
|
| 246 | 3 | _aRebellion, ethnic conflict, and nationhood in the Caucasus | |
| 264 | 1 |
_aNew York : _bNew York University Press, _cc2007. |
|
| 300 |
_axii, 289 p. : _bmaps ; _c24 cm. |
||
| 504 | _aIncludes bibliographical references (p. 247-262) and index. | ||
| 505 | 0 | _aIntroduction : war and peace in the Caucasus -- Setting the stage : the past, the nation, and the state -- Making sense : conflict theory and the Caucasus -- Wars over Chechnya -- Wars in Georgia -- The war over Karabakh -- Wars that did not happen : Dagestan and Ajaria -- Conclusion : post-Soviet wars and theories of internal wars. | |
| 650 |
_aSiyasal şiddet _zKafkasya _vVaka çalışmaları _950619 |
||
| 650 |
_aEtnik çatışma _zKafkasya _vVaka çalışmaları _950618 |
||
| 650 |
_aPolitical violence _zCaucasus _vCase studies _950617 |
||
| 650 |
_aEthnic conflict _zCaucasus _vCase studies _950616 |
||
| 651 |
_aKafkasya _xEtnik ilişkiler _xTarih _y20. yüzyıl _950621 |
||
| 651 |
_aCaucasus _xEthnic relations _xHistory _y20th century _950620 |
||
| 651 |
_aKafkasya _xSiyaset ve yönetim _y20. yüzyıl _943203 |
||
| 651 |
_aCaucasus _xPolitics and government _y20th century _943202 |
||
| 856 | 4 |
_uhttp://www.loc.gov/catdir/toc/ecip0719/2007023003.html _3Table of contents only |
|
| 857 | 4 |
_uhttp://www.loc.gov/catdir/enhancements/fy0729/2007023003-d.html _3Publisher description |
|
| 858 | 4 |
_uhttp://www.loc.gov/catdir/enhancements/fy0734/2007023003-b.html _3Contributor biographical information |
|
| 902 | _a0027107 | ||
| 903 | _aMerkez Kutuphane | ||
| 945 | _aSC, CS | ||
| 942 | _cBK | ||